000 00457nam a2200181Ia 4500
008 151202s9999||||xx |||||||||||||| ||und||
082 _bPNVM-83072
100 _aENID BLYTON.
245 _aFive go to Billycock Hill.
260 _bHODDER & STOUGHTON.
260 _c2001
300 _a244
600 _aENID BLYTON.
630 _aFive go to Billycock Hill.
700 _aENID BLYTON.
730 _aFive go to Billycock Hill.
942 _cBOOK
999 _c1347751
_d1347748